书目信息 |
| 题名: |
DSP实时多任务操作系统设计与实现
|
|
| 作者: | 邬可军 , 曹建树 , 张泽 , 朱铭锆 编著 | |
| 分册: | ||
| 出版信息: | 北京 电子工业出版社 2005.11 |
|
| 页数: | 340页 | |
| 开本: | 26cm | |
| 丛书名: | DSP应用丛书 | |
| 单 册: | ||
| 中图分类: | TN911.72 | |
| 科图分类: | ||
| 主题词: | 数字信号--信号处理--系统设计 | |
| 电子资源: | ||
| ISBN: | 7-121-01845-4 | |
| 000 | 00826nam0 2200241 450 | |
| 001 | 0640635139 | |
| 005 | 20061011112935.37 | |
| 010 | @a7-121-01845-4@dCNY 32.00 | |
| 100 | @a20060831d2005 km y0chiy0120 ea | |
| 101 | 0 | @achi |
| 200 | 1 | @aDSP实时多任务操作系统设计与实现@ADSP shi shi duo ren wu cao zuo xi tong she ji yu shi xian@f邬可军,朱铭锆,曹建树,张泽编著@Fwu ke jun,zhu ming gao,cao jian shu,zhang ze bian zhu |
| 210 | @a北京@c电子工业出版社@d2005.11 | |
| 215 | @a340页@d26cm | |
| 225 | 2 | @aDSP应用丛书 |
| 410 | 0 | @12001 @aDSP应用丛书 |
| 606 | 0 | @a数字信号@x信号处理@x系统设计 |
| 690 | @aTN911.72@v4 | |
| 701 | 0 | @a邬可军@Awu ke jun@4编著 |
| 701 | 0 | @a曹建树@Acao jian shu@4编著 |
| 701 | 0 | @a张泽@Azhang ze@4编著 |
| 701 | 0 | @a朱铭锆@Azhu ming gao@4编著 |
| 801 | @aCN@c20061011 | |
| 905 | @a10447@dTN911.72@eW725 | |
| DSP实时多任务操作系统设计与实现/邬可军,朱铭锆,曹建树,张泽编著.-北京:电子工业出版社,2005.11 |
| 340页;26cm.-(DSP应用丛书) |
| ISBN 7-121-01845-4:CNY 32.00 |
| ● |
| 相关链接 |
|
|
|
正题名:DSP实时多任务操作系统设计与实现
索取号:TN911.72/W725
 
预约/预借
| 序号 | 登录号 | 条形码 | 馆藏地/架位号 | 状态 | 备注 |
| 1 | 610145 | 206101458 | 自科库301/301自科库 36排1列1层/ [索取号:TN911.72/W725] | 在馆 | |
| 2 | 610146 | 206101467 | 自科库301/301自科库 36排1列1层/ [索取号:TN911.72/W725] | 在馆 | |
| 3 | 610147 | 206101476 | 自科二线404/404自科库 13排5列1层/ [索取号:TN911.72/W725] | 在馆 |